000 01029nam a2200265 i 4500
001 158209
003 ES-MaACL
005 20231229062533.0
008 170703s1979 sp |||| | spa d
020 _a84-206-4103-0
100 1 _aOrtega y Gasset, José,
_d1883-1955
_987503
245 1 3 _aLa idea del principio en Leibniz y la evolución de la teoría deductiva /
_cOrtega y Gasset.
250 _a1ª ed. en "Obras de José Ortega y Gasset".
260 _aMadrid :
_bRevista de Occidente en Alianza editorial,
_c1979.
300 _a378 p. ;
_c18 cm.
490 1 _aObras de José Ortega y Gasset ;
_v3
598 _aColección editada por Paulino Garagorri.
600 1 4 _aLeibniz, Gottfried Wilhelm
_c, Freiherr von-
_xCrítica e interpretación.
_971369
650 4 _aLógica.
_914693
700 1 _aGaragorri, Paulino,
_d1916-2007
_953911
740 3 2 _aLa idea de principio en Leibniz.
830 1 _aObras de José Ortega y Gasset ;
_v3
_9181562
852 4 _aES-MaACL
_jL-31801
999 _c158209
_d158209